000 00918nam a2200325Ia 4500
003 OSt
005 20220912144621.0
006 a|||||r|||| 00| 0
007 ta
008 220909b |||||||| |||| 00| 0 eng d
020 _a9781107015777 (hbk)
020 _aSL01562142
024 _a191043
037 _b79, 20/08/2014, Vardhman Books
037 _cTextbook
040 _aCSL
_beng
_cCSL
041 _aeng
082 _aB316, Q4 TB
100 _aTotaro Burt
245 0 _aGroup cohomology and algebraic cycles
260 _aNew York
_bCambridge
_c2014
300 _axvi, 228p.
500 _aReferences 219-226p.; Index 227-228p.
650 _a Algebraic cycles
650 _a Topological filtrations
650 _aGroup cohomology
700 _aTotaro Burt
942 _hB316, Q4 TB
_cTB
_2CC
999 _c13727
_d13727